LEADER 00800cam a2200253 7i4500
001 0000014046
005 20151104090000.0
005 ##20151104114500.0
003 ##MY-KlINT
020 # # |a 9780646249827  
039 # 9 |y 201511041145  |z VLOAD 
090 0 0 |a 297.35   |b KHI 
100 1 # |a Khidr, Khaled 
245 1 0 |a Makkah al-Mukarramah /   |c Khaled Khidr. 
260 # # |a Victoria, Australia:   |b Ashbook Exports. 
300 # # |a 166p:   |b ill. col;   |c 33cm. 
650 # 0 |a Islam --   |x History  
650 # 0 |a Mosque  
650 # 0 |a Muslim pilgrims and pilgrimages  
650 # 0 |a Islamic shrines  
650 # 0 |a Mecca (Saudi Arabia) in the Koran --   |x Juvenile literature  
650 # 0 |a Mecca (Saudi Arabia) in Islam --   |x Juvenile literature  
650 # 0 |a Makkah al-Mukarramah  
999 |a 0000055444  |b BOOK  |c Main Non-Fiction  |e INTAN BK